| 000 | 00467 a2200157 4500 | ||
|---|---|---|---|
| 999 |
_c41584 _d41584 |
||
| 003 | OSt | ||
| 005 | 20221006150810.0 | ||
| 008 | 221006b ||||| |||| 00| 0 eng d | ||
| 020 | _a9781845690175 | ||
| 040 | _coclc | ||
| 082 |
_a664.53 _bPET/H |
||
| 245 |
_aHandbook of herbs and spices VOL 3 / _cK V Peter |
||
| 260 |
_aEngland: _bWoodhead publishing limited, _c2006. |
||
| 300 | _a537 pages | ||
| 942 |
_2ddc _cBK _h664.53 _iPET/H _k664.53 _mPET/H |
||